| 000 | 00706cam a22002417a 4500 | ||
|---|---|---|---|
| 020 | _a1597180866 (set) | ||
| 020 | _a9781597180863 (set) | ||
| 020 | _a9781597180870 (v. 1) | ||
| 020 | _a1597180874 (v. 1) | ||
| 020 | _a9781597180887 (v. 2) | ||
| 020 | _a1597180882 (v. 2) | ||
| 040 | _cBNG | ||
| 082 | _a005 STA 2001 A005 Or. | ||
| 245 | 0 | 0 |
_aMata reference manual : _brelease 12. |
| 246 | 1 | 4 |
_aStata release 12 : _bMata matrix programming |
| 246 | 1 | 8 |
_aStata 12 : _bMata matrix programming |
| 260 |
_aCollege Station, Tex. : _bStataCorp LP, _cc2011. |
||
| 300 |
_a2 v. ; _c24 cm. |
||
| 500 | _aIncludes index. | ||
| 650 | 0 | _aProgramming (Mathematics) | |
| 710 | 2 | _aStataCorp LP. | |
| 942 | _cEK | ||
| 999 |
_c12977 _d12977 |
||